000 00653nam a2200253Ia 4500
005 20260121114154.0
008 008 260114s9999 xx 000 0 eng d
020 _a9781119694885
037 _aEBOOK
040 _aCRL
040 _beng
040 _cCRL
041 _2eng
041 _aeng
084 _qCRL
100 _aEric George
_9971732
245 0 _aDigitalization of Society and Socio-political Issues 2 - Digital, Information and Research
260 _bWiley
260 _c2020
856 _uhttps://onlinelibrary.wiley.com/doi/book/10.1002/9781119694885
942 _cEBOOK
999 _c1550986
_d1550986